Performance comparison of multitaper techniques for speaker verification with expressive speech (Record no. 234726)
[ view plain ]
| 000 -LEADER | |
|---|---|
| fixed length control field | 00589nam a2200133Ia 4500 |
| 008 - FIXED-LENGTH DATA ELEMENTS--GENERAL INFORMATION | |
| fixed length control field | 231221s9999 xx 000 0 und d |
| 041 ## - LANGUAGE CODE | |
| Language code of text/sound track or separate title | English |
| 082 ## - DEWEY DECIMAL CLASSIFICATION NUMBER | |
| Classification number | JNEC17-1528 |
| 100 ## - MAIN ENTRY--PERSONAL NAME | |
| Personal name | Narendra, K C. Kumaraswamy, R. Sanjeev, G. |
| 245 #0 - TITLE STATEMENT | |
| Title | Performance comparison of multitaper techniques for speaker verification with expressive speech |
| 260 ## - PUBLICATION, DISTRIBUTION, ETC. | |
| Date of publication, distribution, etc. | 2017 |
| 500 ## - GENERAL NOTE | |
| General note | International Journal of Speech Technology, Nov 2017 Performance comparison of multitaper techniques for speaker verification with expressive speech Narendra, K C. Kumaraswamy, R. Sanjeev, G. |
| 942 ## - ADDED ENTRY ELEMENTS (KOHA) | |
| Koha item type | Institutional repository |
| Date last seen | Total checkouts | Full call number | Accession number | Uniform resource identifier | Price effective from | Category | Lost status | Damaged status | Department | Withdrawn status | Home library | Current library | Shelving location | Entry date | Grants | Currency symbol | Conversion rate | Discount | Old discount |
|---|---|---|---|---|---|---|---|---|---|---|---|---|---|---|---|---|---|---|---|
| 26/01/2024 | JNEC17-1528 | IR1528 | https://link.springer.com/article/10.1007/s10772-017-9479-0 | 26/01/2024 | Institutional repository | EC | Central Library | Central Library | Central Library | EC | RS | 1 |
